Kde sa v Európe oplatí investovať Možno očakávať premiestňovanie výroby smerom na Východ

Analytický pohľad do sociálno-ekonomických profilov a procesov všetkých európskych regiónov v štúdii regionálneho monitoru nemeckého inštitútu Empirica so sídlom v Bonne (detailná regionálna databanka pre celú Európu). Výsledok analýzy: v najbližších 20 rokoch ponúkne Východ viac ako Západ, zdôvodne...

Descrizione completa

Salvato in:
Dettagli Bibliografici
Natura: Capitolo di libro
Lingua:slovacco
Soggetti:
Tags: Aggiungi Tag
Nessun Tag, puoi essere il primo ad aggiungerne!!

MARC

LEADER 00000naa a2200000 4500
001 r014269
005 20221205080615.3
041 0 |a slo 
044 |a SK 
245 1 0 |a Kde sa v Európe oplatí investovať  |b Možno očakávať premiestňovanie výroby smerom na Východ 
520 |a Analytický pohľad do sociálno-ekonomických profilov a procesov všetkých európskych regiónov v štúdii regionálneho monitoru nemeckého inštitútu Empirica so sídlom v Bonne (detailná regionálna databanka pre celú Európu). Výsledok analýzy: v najbližších 20 rokoch ponúkne Východ viac ako Západ, zdôvodnenie. Bratislava v zlatom výrobnom trojuholníku (Györ-Sopron, Západočeský kraj). 
610 2 0 |a investície zahraničné 
610 2 0 |a východná Európa 
610 2 0 |a stredná Európa 
610 2 0 |a regióny 
610 2 0 |a Empirica 
610 2 0 |a 2020 
610 2 0 |a rozvoj hospodársky